Statistics for Chris's General Knowledge Quiz #4

Click here to take the quiz!

General Stats

  • This quiz has been taken 34 times
  • The average score is 9 of 20

Answer Stats

Question Answer % Correct
In Ancient Egyptian mythology, what relation was Osiris to Horus?Father
77%
Which moon of Jupiter has a two-letter name?Io
73%
Which major Russian city is served by Pulkovo Airport?Saint Petersburg
70%
What pilgrimage is one of the Five Pillars of Islam?Hajj
63%
What is the star sign of someone born on 24th February?Pisces
60%
A slapshot is a move in what winter sport?Ice Hockey
60%
How many lumbar vertebrae are there in a human spine?5
57%
What grain is the main base for malt vinegar?Barley
50%
What colour snooker ball has the second-highest value?Pink
50%
Which Spanish writer created the character Don Quixote?Miguel de Cervantes
47%
In the story of Peter Pan, what item had the crocodile swallowed?Clock
43%
The food company Rose's is known for its cordial and marmalade made from which fruit?Lime
43%
What nationality is the children's TV character Fireman Sam?Welsh
40%
Who played The Witch in the 2015 film 'Into the Woods'?Meryl Streep
30%
What other Italian cheese is made from the whey of mozzarella?Ricotta
27%
'White Bear' and 'San Junipero' were episode titles in what Netflix series?Black Mirror
20%
Which member of the 'League of Gentlemen' co-created the TV drama 'Sherlock' with Steven Moffat?Mark Gatiss
20%
What is the only city in Cumbria?Carlisle
20%
'Brown-banded' and 'American' are species of what insect?Cockroach
17%
What type of oil is usually used to bind the pigments used in oil-painting?Linseed Oil
10%

Score Distribution

Percentile by Number Answered

Percent of People with Each Score

Your Score History

You have not taken this quiz